000
00324pam a2200133a 44500
008
230405s1986 xxu||||| |||| 00| 0 eng d
041
_a
ENG
100
_a
Jacob Millman
245
_a
Microelectronics
260
_a
_b
Mcgraw Hill Book company
_c
1986
300
_a
425p.
690
_a
SR.COLLEGE REGULAR GRANT
906
_a
56
999
_c
291399
_d
291399